Zákon zo 6. decembra 2006, ...

Zákon zo 6. decembra 2006, ktorým sa mení a dopĺňa zákon č. 580/2004 Z.z. o zdravotnom poistení a o zmene a doplnení zákona č. 95/2002 Z.z. o poisťovníctve a o zmene a doplnení niektorých zákonov v znení neskorších predpisov a ktorým sa mení zákon č. 578/2004 Z.z. o poskytovateľoch zdravotnej staros...

Full description

Saved in:
Bibliographic Details
Format: Book Chapter
Language:Slovak
Subjects:
Tags: Add Tag
No Tags, Be the first to tag this record!

MARC

LEADER 00000naa$a2200000$$$4500
001 0051601
005 20231106072431.3
041 0 |a slo 
044 |a SK 
245 1 0 |a Zákon zo 6. decembra 2006, ... 
520 |a Zákon zo 6. decembra 2006, ktorým sa mení a dopĺňa zákon č. 580/2004 Z.z. o zdravotnom poistení a o zmene a doplnení zákona č. 95/2002 Z.z. o poisťovníctve a o zmene a doplnení niektorých zákonov v znení neskorších predpisov a ktorým sa mení zákon č. 578/2004 Z.z. o poskytovateľoch zdravotnej starostlivosti, zdravotníckych pracovníkoch, stavovských organizáciách v zdravotníctve a o zmene a doplnení niektorých zákonov v znení neskorších predpisov. Za zákonom nasleduje dôvodová správa k tomuto zákonu. 
610 2 0 |a zdravotníctvo 
610 2 0 |a poistenie zdravotné 
610 2 0 |a starostlivosť zdravotná 
610 2 0 |a zákony 
610 2 0 |a novelizácia 
610 2 0 |a Slovensko 
610 2 0 |a správy dôvodové 
610 2 0 |a 2002-2006